Statistics for The Largest Beer Companies

Click here to take the quiz!

General Stats

  • This quiz has been taken 60 times
  • The average score is 3 of 9

Answer Stats

Position / HQAnswer% Correct
2 / NetherlandsHeineken
93%
6 / DenmarkCarlsberg
56%
5 / USAMolson Coors
56%
3 / JapanAsahi
41%
1 / BelgiumAnheuser Busch Inbev
26%
4 / JapanKirin
24%
9 / FranceCastel Group
2%
7 / USAConstellation Brands
2%
8 / ThailandThai Beverage
2%

Score Distribution

Percentile by Number Answered

Percent of People with Each Score

Your Score History

You have not taken this quiz